Emergency, constitution, and democracy : (Record no. 53291)
[ view plain ]
| 000 -LEADER | |
|---|---|
| fixed length control field | 02002nam a22003257a 4500 |
| 005 - DATE AND TIME OF LATEST TRANSACTION | |
| control field | 2011062800090.0 |
| 010 ## - LCCN (DPL NO) | |
| LC control number | ENG-102676 B-444949-953 |
| 020 ## - INTERNATIONAL STANDARD BOOK NUMBER | |
| Terms of availability | 700.00 |
| International Standard Book Number | 9788175415782 |
| 035 ## - SYSTEM CONTROL NUMBER | |
| System control number | EN-86209 B-444949-953 |
| 037 ## - SOURCE OF ACQUISITION | |
| Source of stock number/acquisition | DBAD / PUB |
| 082 ## - DEWEY DECIMAL CLASSIFICATION NUMBER | |
| Classification number | 320.454 |
| 100 ## - MAIN ENTRY--PERSONAL NAME | |
| Personal name | Ghaṭāṭe, N. M. |
| 245 ## - TITLE STATEMENT | |
| Title | Emergency, constitution, and democracy : |
| Statement of responsibility, etc | by N.M. Ghatate |
| Remainder of title | an Indian experience / |
| 260 ## - PUBLICATION, DISTRIBUTION, ETC. (IMPRINT) | |
| Place of publication, distribution, etc | Delhi |
| Name of publisher, distributor, etc | Shipra Publications |
| Date of publication, distribution, etc | 2011 |
| 270 ## - ADDRESS | |
| Address | LG 18-19, Pankaj Central Market, Patparganj, I. P. Ext., |
| City | Delhi |
| Postal code | 110092 |
| 300 ## - PHYSICAL DESCRIPTION | |
| Extent | vi, 256 p. : |
| Dimensions | 23cm (Hb) |
| Other physical details | ill. |
| 500 ## - GENERAL NOTE | |
| General note | Includes bibliographical references and index |
| 650 ## - SUBJECT ADDED ENTRY--TOPICAL TERM | |
| Topical term or geographic name as entry element | Executive power |
| Geographic subdivision | India |
| 650 ## - SUBJECT ADDED ENTRY--TOPICAL TERM | |
| Topical term or geographic name as entry element | Constitutional law |
| Geographic subdivision | India |
| 700 ## - ADDED ENTRY--PERSONAL NAME | |
| 9 (RLIN) | 28520 |
| 710 ## - ADDED ENTRY--CORPORATE NAME | |
| 9 (RLIN) | 28535 |
| 942 ## - ADDED ENTRY ELEMENTS (KOHA) | |
| Source of classification or shelving scheme | Dewey Decimal Classification |
| Item type | English Books |
| Call number suffix | GHA |
| Classification part | 320.454 |
| Withdrawn status | Lost status | Not for loan | Collection code | Home library | Current library | Date acquired | Source of acquisition | Cost, normal purchase price | Full call number | Barcode | Copy number | Cost, replacement price | Koha item type |
|---|---|---|---|---|---|---|---|---|---|---|---|---|---|
| Non-fiction | Central Library | Central Library | 10/02/2012 | Allied Pub/1102/21.9.2011/4/15.09.11/9.11.11 | 700.00 | 320.454 GHA | B-444949 | 1 | 700.00 | English Books | |||
| Not For Loan | Non-fiction | D.B.Act.Division | D.B.Act.Division | 28/06/2011 | DBAD/PUB | 700.00 | 320.454 GHA | EN-86209 | 1 | 700.00 | English Books | ||
| Non-fiction | Karol Bagh | Karol Bagh | 10/02/2012 | Allied Pub/1102/21.9.2011/4/15.09.11/9.11.11 | 700.00 | 320.454 GHA | B-444952 | 1 | 700.00 | English Books | |||
| Non-fiction | Patel Nagar | Patel Nagar | 10/02/2012 | Allied Pub/1102/21.9.2011/4/15.09.11/9.11.11 | 700.00 | 320.454 GHA | B-444950 | 1 | 700.00 | English Books | |||
| Non-fiction | Sarojini Nagar | Sarojini Nagar | 10/02/2012 | Allied Pub/1102/21.9.2011/4/15.09.11/9.11.11 | 700.00 | 320.454 GHA | B-444951 | 1 | 700.00 | English Books | |||
| Non-fiction | Shahdara Branch | Shahdara Branch | 10/02/2012 | Allied Pub/1102/21.9.2011/4/15.09.11/9.11.11 | 700.00 | 320.454 GHA | B-444953 | 1 | 700.00 | English Books |
